Normal view
MARC view
- LOGISTICAL MANAGEMENT. SUPPLY CHAIN PROCESS
Entry Topical Term
001 - CONTROL NUMBER
- control field: 75864
003 - CONTROL NUMBER IDENTIFIER
- control field: NUST
005 - DATE AND TIME OF LATEST TRANSACTION
- control field: 20210628205520.0
008 - FIXED-LENGTH DATA ELEMENTS
- fixed length control field: 210628|| aca||aabn | a|a d
040 ## - CATALOGING SOURCE
- Original cataloging agency: NUST
- Transcribing agency: NUST
150 ## - HEADING--TOPICAL TERM
- Topical term or geographic name entry element: LOGISTICAL MANAGEMENT. SUPPLY CHAIN PROCESS
670 ## - SOURCE DATA FOUND
- Source citation: Work cat.: (NUST): Bowersox, Donald J 19205, Logistical management,the integrated supply chain process, 2000
